Devaluación monetaria y ajuste contable (Registro nro. 235)
[ vista simple ]
| 000 -LEADER | |
|---|---|
| fixed length control field | 01473 a2200241 4500 |
| 001 - CONTROL NUMBER | |
| control field | 1954 |
| 005 - DATE AND TIME OF LATEST TRANSACTION | |
| control field | 20260407155422.0 |
| 008 - FIXED-LENGTH DATA ELEMENTS--GENERAL INFORMATION | |
| fixed length control field | 260407a2009 arg spa d |
| 003 - CONTROL NUMBER IDENTIFIER | |
| control field | AR-UNSa-BCEJYS |
| 040 ## - CATALOGING SOURCE | |
| Original cataloging agency | AR-UNSa-BCEJYS |
| Language of cataloging | spa |
| Transcribing agency | AR-UNSa-BCEJYS |
| 080 ## - UNIVERSAL DECIMAL CLASSIFICATION NUMBER | |
| Universal Decimal Classification number | 657.23 |
| Common auxiliary subdivision | Compensaciones. Correcciones. Ajustes (devaluación monetaria) |
| 020 ## - INTERNATIONAL STANDARD BOOK NUMBER | |
| International Standard Book Number | 978-987-01-0973-0 |
| 041 ## - LANGUAGE CODE | |
| Language code of text/sound track or separate title | spa |
| 100 1# - MAIN ENTRY--PERSONAL NAME | |
| Personal name | Arreghini, Hugo Ricardo |
| 245 10 - TITLE STATEMENT | |
| Title | Devaluación monetaria y ajuste contable |
| Name of part/section of a work | valoración financiera dinámica |
| 250 ## - EDITION STATEMENT | |
| Edition statement | 1a. ed. |
| 264 #1 - PRODUCTION, PUBLICATION, DISTRIBUTION, MANUFACTURE, AND COPYRIGHT NOTICE | |
| Place of production, publication, distribution, manufacture | Buenos Aires : |
| Name of producer, publisher, distributor, manufacturer | Errepar |
| Date of production, publication, distribution, manufacture, or copyright notice | 2009 |
| 300 ## - PHYSICAL DESCRIPTION | |
| Extent | xxiv, 215 p. |
| Dimensions | 21 cm. |
| 505 ## - FORMATTED CONTENTS NOTE | |
| Formatted contents note | 1. Unidad de criterio y medición homogénea - 2. El sistema contable y el marco conceptual para estados de información pública - 3. El modelo usado en estados financieros y su ajuste monetario - 4. Demostración de resultado y en especial del atribuido a la moneda - 5. Dificultades para atribuir efectos puros de la inflación - 6. Tasa de interés e inflación - 7. Costo financiero y devaluación de la moneda - 8. Interés incorporado al producto y riesgo de financiar - 9. El uso de los fondos y el resultado de inflación - 10. Los mecanismos financieros de regularización natural - 11. Funcionamiento del sistema propuesto |
| 590 ## - LOCAL NOTE (RLIN) | |
| Local note | niveau_biblio:m niveau_hierar:0 |
| 856 41 - ELECTRONIC LOCATION AND ACCESS | |
| Uniform Resource Identifier | <a href="https://biblioeco.unsa.edu.ar/pmb/images/libros/Devaluacion Monetaria y Ajuste Contable2-l117934.jpg">https://biblioeco.unsa.edu.ar/pmb/images/libros/Devaluacion Monetaria y Ajuste Contable2-l117934.jpg</a> |
| Link text | Imagen de portada |
| Electronic format type | image/jpeg |
| 942 ## - ADDED ENTRY ELEMENTS (KOHA) | |
| Koha item type | |
| Withdrawn status | Lost status | Damaged status | Not for loan | Home library | Current library | Shelving location | Date acquired | Total checkouts | Full call number | Barcode | Date last seen | Price effective from | Koha item type |
|---|---|---|---|---|---|---|---|---|---|---|---|---|---|
| Biblioteca Prof. Eusebio Cleto del Rey | Biblioteca Prof. Eusebio Cleto del Rey | 07/04/2026 | 657.23 A774 | L117934 | 07/04/2026 | 07/04/2026 | Libro | ||||||
| Biblioteca Prof. Eusebio Cleto del Rey | Biblioteca Prof. Eusebio Cleto del Rey | 07/04/2026 | 657.23 A774 | L118715 | 07/04/2026 | 07/04/2026 | Libro | ||||||
| Biblioteca Prof. Eusebio Cleto del Rey | Biblioteca Prof. Eusebio Cleto del Rey | 07/04/2026 | 657.23 A774 | L118714 | 07/04/2026 | 07/04/2026 | Libro |